| 000 | 00356 a2200157 4500 | ||
|---|---|---|---|
| 001 | 171159 | ||
| 020 | _a | ||
| 040 | _cMagnum | ||
| 100 | _aCereja, William Roberto | ||
| 240 | 1 | 0 |
_aGramatica: texto, reflexao e uso _lpor |
| 245 | 1 | 0 | _aGramatica: texto, reflexao e uso |
| 362 | 0 | _a1899 | |
| 440 | 1 | _aAtual Editora | |
| 697 | _aGRAMATICA | ||
| 942 | _cBK | ||
| 999 |
_c171159 _d171159 |
||